Statistiques concernant Quiz sur la Bordurie

Cliquez ici pour prendre le quiz!

Statistiques générales

  • Ce quiz a été pris 39 fois
  • Le résultat moyen est 8 sur 16

Statistiques - réponses

QuestionRéponse% Correct
Principale couleur du drapeau bordureRouge
87%
Pays frontalier ennemiSyldavie
84%
Langue officielleBordure
81%
Péninsule sur laquelle la Bordurie se situeBalkans
74%
Emblème bordure, figurant notamment sur
son drapeau d'après-guerre
Moustache
65%
Eminent scientifique enlevé par les services secrets
bordures pour lui dérober les plans d'une arme
Professeur Tournesol
65%
Principal secteur de dépense de l'Etats bordureArmée
55%
Général de ce pays allié des borduresGénéral {Tapioca}
52%
Pays d'Amérique du Sud soutenu par la BordurieSan Theodoros
52%
Colonel chef de la police secrète bordureColonel {Sponz}
45%
On lui voue d'ailleurs un...{Culte} {de} {la} {personnalité}
35%
Maréchal dictateur emblématique de la BorduriePlekszy-Gladz
32%
Idéologie suivie par la BordurieFascisme
29%
Capitale et ville la plus peupléeSzohôd
29%
Baron qui libéra ce pays du joug bordure, donnant
lieu aux difficiles relations entre ces deux pays
Baron {Almaszout}
13%
Mouvement complotiste du pays voisin dont les idées
sont très proches de celles de la Bordurie
Parti de la {Garde} {d'}{Acier}
6%

Distribution des résultats

Percentile par nombre de réponses

% des personnes avec chaque résultat

Votre développement - résultats

Vous n’avez pas pris ce quiz